Catálogo
 En Linea

Manual de preceptiva literaria y "literatura Española" : (Registro nro. 48606)

Detalles MARC
000 -CABECERA
campo de control de longitud fija 00759nam a22002057a 4500
003 - IDENTIFICADOR DEL NÚMERO DE CONTROL
campo de control DO-SdBNP
005 - FECHA Y HORA DE LA ÚLTIMA TRANSACCIÓN
campo de control 20220725094409.0
008 - DATOS DE LONGITUD FIJA--INFORMACIÓN GENERAL
campo de control de longitud fija 190722s1967 a 000 spa d
040 ## - FUENTE DE LA CATALOGACIÓN
Centro catalogador/agencia de origen DO-SdBNP
Lengua de catalogación spa
Centro/agencia transcriptor BNPHU
082 ## - NÚMERO DE LA CLASIFICACIÓN DECIMAL DEWEY
Número de clasificación xxxxx
Número de documento/Ítem V794m
100 ## - ENTRADA PRINCIPAL--NOMBRE DE PERSONA
Nombre de persona Vincent Cepeda, Altagracia Victoria
9 (RLIN) 44146
245 #0 - MENCIÓN DE TÍTULO
Título Manual de preceptiva literaria y "literatura Española" :
Resto del título para el 3er. curso del bachillerato (desarrollado conforme al programa vigente)
Mención de responsabilidad, etc. Altagracia Victoria Vincet Cepeda
260 ## - PUBLICACIÓN, DISTRIBUCIÓN, ETC.
Lugar de publicación, distribución, etc. Santo Domingo,
Nombre del editor, distribuidor, etc. Del Caribe
Fecha de publicación, distribución, etc. 1967.
300 ## - DESCRIPCIÓN FÍSICA
Extensión 303 p.
Otras características físicas il.
Dimensiones 23 cm.
521 ## - NOTA DE PÚBLICO DESTINATARIO
Nota de público destinatario 3er. bachillerato.
590 ## - NOTA LOCAL (RLIN)
Nota local Inventariado, 2022/ YL
590 ## - NOTA LOCAL (RLIN)
Nota local Perteneció a la biblioteca personal de Bárbara Suncar.
910 ## - DATOS DE OPCIÓN DEL USUARIO (OCLC)
Datos de opción del usuario YLockward
942 ## - ELEMENTOS DE PUNTO DE ACCESO ADICIONAL (KOHA)
Fuente del sistema de clasificación o colocación Dewey Decimal Classification
Tipo de ítem Koha Libro
Existencias
Estado de retiro Estado de pérdida Fuente del sistema de clasificación o colocación Restricciones de uso No para préstamo Código de colección Localización permanente Ubicación/localización actual Ubicación en estantería Fecha de adquisición Fuente de adquisición Total de préstamos Signatura topográfica completa Código de barras Fecha visto por última vez Precio válido a partir de Tipo de ítem Koha Nota pública
    Dewey Decimal Classification Excluido de préstamo   Patrimonio Dominicano Biblioteca Nacional Pedro Henríquez Ureña Biblioteca Nacional Pedro Henríquez Ureña En catalogación 01.07.2016 Barbara Suncar   xxxxx V794m 2022-3551 25.07.2022 25.07.2022 Libro Perteneció a la biblioteca personal de Bárbara Suncar

Con tecnología Koha